| 000 | 02589nam a2200421 4500 | ||
|---|---|---|---|
| 001 | 114086 | ||
| 003 | DR-UNIBE | ||
| 005 | 20250918163248.0 | ||
| 008 | 250918b2018 dr ||||| |||| 00| 0 spa d | ||
| 020 | _a9789945425475 | ||
| 040 |
_aBIBLIOTECA UNIBE _bspa _cBIBLIOTECA UNIBE _erda |
||
| 041 | _aspa | ||
| 082 |
_222 _aRD 345.729305 D431 2018 |
||
| 245 | 1 | 0 | _aDerecho procesal penal |
| 250 | _asegunda edición | ||
| 260 |
_aSanto Domingo : _b Escuela Nacional de la Judicatura (ENJ), _c2018 |
||
| 300 |
_axii, 1021 páginas : _c22 x 15 cm |
||
| 505 | _aPresentación de 2018 | Presentación 2006 | Prólogo 2006 | Módulo I. Principios generales para la comprensión de la reforma procesal penal en la República Dominicana | Módulo II. Actividades iniciales y diligencias preliminares | Módulo III. Los procesos alternativos | Módulo IV. Libertad, intimidad y seguridad individual ante intervención estatal | Módulo V. Medidas de coerción | Módulo VI. La prueba en el proceso penal | Módulo VII. Los derechos de protección a la víctima | Módulo VIII. Etapa intermedia: actos conclusivos y audiencia preliminar | Módulo IX. El juicio | Módulo X. Impugnación y recursos | Módulo XI. La ejecución | Módulo XII. La fundamentación fáctica y jurídica de las resoluciones jurídicas | Bibliografía general | ||
| 650 | 7 |
_2lemb _a Derecho penal _z República Dominicana _915664 |
|
| 650 | 7 |
_2lemb _aDerecho procesal _zRepública Dominicana _915665 |
|
| 650 | 7 |
_2lemb _aProcedimiento penal _zRepública Dominicana _915663 |
|
| 700 | 1 | 0 |
_aValenzuela Sosa, Gervasia _9199284 _epresentación de 2018 |
| 700 | 1 | 0 |
_aMoscoso Segarra, Alejandro _924099 _epresentación de 2006 |
| 700 | 1 | 0 |
_aMolina Peña, Luis Henry _9157671 _eprólogo 2006 |
| 700 | 1 | 0 |
_aUreña Sánchez, Adolfo Yarid _9199285 _eautor |
| 700 | 1 | 0 |
_aCastillo Moronta, Jacinto _9199286 _eautor |
| 700 | 1 | 0 |
_aTaveras Canaán, José Saúl _9157668 _eautor |
| 700 | 1 | 0 |
_aMariot Tórres, Mario Nélson _9199287 _eautor |
| 700 | 1 | 0 |
_aDíaz Ferreira, Glennys M. _9199288 _ecoordinación técnica |
| 700 | 1 | 0 |
_aCoronado, Ellys G _9193731 _ecoordinación técnica |
| 700 | 1 | 0 |
_aPichardo, Ninoska _999210 _ecoordinación técnica |
| 700 | 1 | 0 |
_aHernández, Dilenia _999209 _ecoordinación técnica |
| 700 | 1 | 0 |
_aArbaje Lembert, Mayra Elena _999212 _ecorrector |
| 700 | 1 | 0 |
_aSilva Núñez, Amaury Antonio _9180733 _eportada |
| 700 | 1 | 0 |
_aRomero V., Ricarlos _9199289 _ediagramador |
| 710 | 1 | 0 |
_aCentro de Documentación e Información Judicial Dominicano (CENDIJD) _9154572 |
| 942 |
_2ddc _cBK |
||
| 999 |
_c114086 _d114086 |
||